Statistics for Guess Missing Colour in Flags (Part 1)

Click here to take the quiz!

General Stats

  • This quiz has been taken 695 times
  • The average score is 20 of 25

Answer Stats

CountryColourAnswer% Correct
United StatesWhite - RedBlue
99%
CanadaWhiteRed
99%
United KingdomBlue - RedWhite
99%
RussiaRed - WhiteBlue
98%
JapanRedWhite
96%
BelgiumYellow - RedBlack
95%
ItalyWhite - RedGreen
94%
IrelandGreen - WhiteOrange
92%
IndiaBlue - White - GreenOrange
90%
HungaryGreen - WhiteRed
89%
YemenWhite - RedBlack
81%
SwedenYellowBlue
80%
South KoreaWhite - Red - BlueBlack
79%
FinlandBlueWhite
79%
Ivory CoastWhite - OrangeGreen
78%
BangladeshRedGreen
78%
NorwayBlue - WhiteRed
76%
MadagascarWhite - GreenRed
73%
GreeceBlueWhite
72%
BrazilWhite - Green - BlueYellow
70%
PalauBlueYellow
68%
ChinaRedYellow
66%
GeorgiaWhiteRed
65%
SerbiaYellow - Red - WhiteBlue
60%
LebanonWhite - RedGreen
57%

Score Distribution

Percentile by Number Answered

Percent of People with Each Score

Your Score History

You have not taken this quiz